| 000 | 00695nam a2200193 i 4500 | ||
|---|---|---|---|
| 001 | 69785 | ||
| 003 | ES-MaACL | ||
| 007 | t| | ||
| 008 | 040712s1985 sp ||||1| spa d | ||
| 020 | _a84-398-4011-X | ||
| 100 | 1 |
_aGarcía Guzmán, María del Mar. _954754 |
|
| 245 | 1 | 3 |
_aEl adelantamiento de Cazorla en la Baja Edad Media _b: un señorío eclesiástico en la frontera castellana / _cMaría del Mar García Guzmán. |
| 260 |
_aCádiz : _bUniversidad, Departamento de Historia Medieval, Servicio de Publicaciones, _c1985. |
||
| 300 |
_a706 p. ; _c21 cm. |
||
| 500 | _aIndice. | ||
| 504 | _aBibliografía. | ||
| 852 |
_aES-MaACL _jL-9867 _bR.110687 |
||
| 852 |
_aES-MaACL _jL-9868 _bR.110725 |
||
| 999 |
_c69785 _d69785 |
||